| 000 -CABECERA |
| fixed length control field |
00831nam a22001817a 4500 |
| 003 - IDENTIFICADOR DEL NÚMERO DE CONTROL |
| control field |
AR-CdUCM |
| 008 - DATOS DE LONGITUD FIJA--INFORMACIÓN GENERAL |
| fixed length control field |
190408b ||||| |||| 00| 0 spa d |
| 040 ## - FUENTE DE LA CATALOGACIÓN |
| Agencia/entidad que catalogó originalmente la obra |
MUNICIPALIDAD PROVINCIAL DEL CUSCO |
| Entidad que transcribió la catalogación |
BIBLIOTECA MUNICIPAL DEL CUSCO |
| 082 ## - NÚMERO DE LA CLASIFICACIÓN DECIMAL DEWEY |
| No. de la edición |
3ed. |
| No. de Clasificación |
909.2 / |
| Notacion interna |
D81 / 1863 |
| 100 ## - ENTRADA PRINCIPAL--NOMBRE DE PERSONA |
| Nombre Personal |
Drioux |
| 245 ## - MENCIÓN DE TÍTULO |
| Título |
Historia de la edad media : |
| Resto del título |
desde la invasión de los bárbaros hasta la toma de Constatinopla por los turcos otomanos / |
| 260 ## - PUBLICACIÓN, DISTRIBUCIÓN, ETC. |
| Lugar de publicación, distribución, etc. |
Paris : |
| Nombre de la editorial, distribuidor, etc. |
Libr. de Rosa y Bouret, |
| Fecha de publicación, distribución, etc. |
1863. |
| 300 ## - DESCRIPCIÓN FÍSICA |
| Nº de Páginas Extensión |
479 páginas ; |
| Dimensiones |
16.5 cm. |
| 505 ## - NOTA DE CONTENIDO CON FORMATO |
| Nota de contenido formateada |
Contenido: Desde la invasión de los bárbaros hasta Carlomágno -- Desde la muerte de Carlomágno hasta el pontificado de San Gregorio VII -- Desde San Gregorio VII la muerte de Bonifacio VIII. |
| 650 ## - PUNTO DE ACCESO ADICIONAL DE MATERIA--TÉRMINO DE MATERIA |
| Descriptor |
Historia medieval |
| 9 (RLIN) |
30030 |
| 942 ## - ELEMENTOS DE PUNTO DE ACCESO ADICIONAL (KOHA) |
| Fuente de clasificación |
|
| Tipo de item |
Libros-BMC |
| 945 ## - PROCESAMIENTO DE INFORMACIÓN LOCAL (OCLC) |
| Catalogador |
acv |
| AAAA-MM-DD - Fecha de ingreso o modificacion |
08/04/2019 |